| 000 | 00718nam a2200229 a 4500 | ||
|---|---|---|---|
| 999 |
_c9972 _d9972 |
||
| 001 | 9972 | ||
| 003 | BD - JhCC | ||
| 005 | 20180404101256.0 | ||
| 008 | 180403s1965 enk 000 0 eng d | ||
| 035 | _a(BD-JhCC)9972 | ||
| 040 |
_aBD-JhCC _dBD-JhCC |
||
| 041 | _aeng | ||
| 082 |
_bDIC 1965 _a541.220212 |
||
| 245 | 0 | 0 |
_aDictionary of pi-electron calculations / _cC.A. Coulson and A. Streitwieser ; with extensive help from M.D. Poole and J.I. Brauman |
| 260 |
_aOxford : _bPergamon, _c1965. |
||
| 300 |
_axxx, 358 p. ; _c30 cm |
||
| 650 | 0 |
_aMolecular structure _xTables |
|
| 700 | 1 |
_aCoulson, C. A. _q(Charles Alfred), _d1910-1974. |
|
| 700 | 1 |
_aStreitwieser, Andrew, _d1927- |
|
| 942 |
_2ddc _cREF |
||